[Event "Regionalliga NO 0910"]
[Site "Bayern"]
[Date "2009.12.13"]
[Round "4.7"]
[White "Kaiser, Harald"]
[Black "Baumer, Andreas"]
[Result "0-1"]
[WhiteElo "1975"]
[BlackElo "2002"]
[PlyCount "52"]
[EventDate "2009.10.18"]
[EventType "team-tourn"]
[EventRounds "9"]
[EventCountry "GER"]
[SourceTitle "EXT 2011"]
[Source "ChessBase"]
[SourceDate "2010.11.26"]
[SourceVersion "1"]
[SourceVersionDate "2010.11.26"]
[SourceQuality "1"]
[WhiteTeam "Bechhofen"]
[BlackTeam "Kareth Lappersdorf"]
[WhiteTeamCountry "GER"]
[BlackTeamCountry "GER"]

1. e4 e6 2. d3 c5 3. g3 Nc6 4. Bg2 g6 5. f4 Bg7 6. Nf3 Nge7 7. c3 d5 8. Qe2 0-0 9. e5 b5 10. Be3 c4 11. d4 a5 12. a3 Bd7 13. Nbd2 b4 14. axb4 axb4 15. 0-0 Qb6 16. Rxa8 Rxa8 17. Rc1 Ra2 18. Nb1 bxc3 19. Nxc3 Qxb2 20. Qxb2 Rxb2 21. Na4 Ra2 22. Nc5 Be8 23. g4 Nc8 24. f5 gxf5 25. gxf5 Ra3 26. Kf2 Rxe3 0-1

[Event "Regionalliga NO 0910"]
[Site "Bayern"]
[Date "2009.11.15"]
[Round "2.5"]
[White "Baumer, Andreas"]
[Black "Laubert, Johannes"]
[Result "1-0"]
[WhiteElo "2002"]
[BlackElo "1980"]
[PlyCount "105"]
[EventDate "2009.10.18"]
[EventType "team-tourn"]
[EventRounds "9"]
[EventCountry "GER"]
[SourceTitle "EXT 2011"]
[Source "ChessBase"]
[SourceDate "2010.11.26"]
[SourceVersion "1"]
[SourceVersionDate "2010.11.26"]
[SourceQuality "1"]
[WhiteTeam "Kareth Lappersdorf"]
[BlackTeam "Windischeschenbach"]
[WhiteTeamCountry "GER"]
[BlackTeamCountry "GER"]

1. e4 e6 2. d4 d5 3. Nd2 Nc6 4. c3 dxe4 5. Nxe4 Qd5 6. Ng3 e5 7. dxe5 Qxd1+ 8. Kxd1 Nxe5 9. Be2 Be6 10. Bf4 0-0-0+ 11. Kc2 Ng6 12. Be3 Nh4 13. Bg5 Be7 14. Bxh4 Bxh4 15. Bd3 Bd5 16. f3 Ne7 17. N1e2 g6 18. b3 f5 19. Rad1 Bf7 20. Nf4 Bg5 21. Nge2 Bf6 22. h4 h6 23. h5 g5 24. Ng6 Bxg6 25. hxg6 Kb8 26. Ng3 Nxg6 27. Nxf5 Nf4 28. g3 Nd5 29. Rde1 Bxc3 30. Re4 Bf6 31. Rxh6 Rxh6 32. Nxh6 a5 33. a3 Be7 34. Kb2 Rf8 35. Bc4 Bf6+ 36. Kc2 Nc3 37. Re3 b5 38. Be6 b4 39. axb4 axb4 40. Bc4 Bd4 41. Rd3 c5 42. Nf7 Ne2 43. Nxg5 Rh8 44. Ne6 Rh3 45. g4 Ng1 46. Nxd4 cxd4 47. Bd5 Ne2 48. Rd2 Rh2 49. Bc4 d3+ 50. Kxd3 Nf4+ 51. Ke3 Ng2+ 52. Ke4 Kc7 53. Bf1 1-0

[Event "Regionalliga NO 0809"]
[Site "Bayern"]
[Date "2008.11.30"]
[Round "3.6"]
[White "Baumer, Andreas"]
[Black "Dirmeier, Carolin"]
[Result "0-1"]
[WhiteElo "1908"]
[BlackElo "1915"]
[PlyCount "84"]
[EventDate "2008.10.05"]
[EventType "team-tourn"]
[EventRounds "9"]
[EventCountry "GER"]
[SourceTitle "EXT 2020"]
[Source "ChessBase"]
[SourceDate "2019.10.17"]
[SourceVersion "1"]
[SourceVersionDate "2019.10.17"]
[SourceQuality "1"]
[WhiteTeam "Kareth Lappersdorf"]
[BlackTeam "Dietfurt"]
[WhiteTeamCountry "GER"]
[BlackTeamCountry "GER"]

1. Nf3 g6 2. g3 Bg7 3. Bg2 f5 4. d4 Nf6 5. c4 0-0 6. Nc3 d6 7. Bf4 h6 8. h4 Qe8 9. Qd2 Kh7 10. Qc2 c6 11. 0-0-0 Ng4 12. e4 fxe4 13. Nh2 e3 14. Nxg4 Bxg4 15. Bxe3 Bxd1 16. Kxd1 Nd7 17. h5 Nf6 18. Ne4 Ng4 19. hxg6+ Kg8 20. Bf4 Qxg6 21. f3 e5 22. Bc1 d5 23. cxd5 cxd5 24. Qb3 Qf7 25. Rh4 dxe4 26. Rxg4 Qxb3+ 27. axb3 exf3 28. Bf1 Rad8 29. Be3 Kh8 30. Rh4 Rd6 31. g4 exd4 32. Bd2 Rb6 33. b4 Re6 34. g5 f2 35. gxh6 Be5 36. Rh5 Bg3 37. Rh1 Rfe8 38. Kc2 Re4 39. Kd3 Rh4 40. Rxh4 Bxh4 41. Be2 Rf8 42. Bf1 Rg8 0-1

[Event "Regionalliga NO 0809"]
[Site "Bayern"]
[Date "2008.10.05"]
[Round "1.5"]
[White "Thanner, Hans Peter"]
[Black "Baumer, Andreas"]
[Result "1-0"]
[WhiteElo "2032"]
[BlackElo "1908"]
[PlyCount "141"]
[EventDate "2008.10.05"]
[EventType "team-tourn"]
[EventRounds "9"]
[EventCountry "GER"]
[SourceTitle "EXT 2020"]
[Source "ChessBase"]
[SourceDate "2019.10.17"]
[SourceVersion "1"]
[SourceVersionDate "2019.10.17"]
[SourceQuality "1"]
[WhiteTeam "Regensburg Fortuna II"]
[BlackTeam "Kareth Lappersdorf"]
[WhiteTeamCountry "GER"]
[BlackTeamCountry "GER"]

1. e4 e6 2. d4 d5 3. Nd2 Nf6 4. e5 Nfd7 5. c3 c5 6. Bd3 Nc6 7. Ne2 cxd4 8. cxd4 f6 9. exf6 Nxf6 10. Nf3 Bd6 11. 0-0 0-0 12. Bf4 Bxf4 13. Nxf4 Ne4 14. Nh5 g6 15. Ng3 Ng5 16. Nxg5 Qxg5 17. Bb5 Ne7 18. Rc1 h5 19. Rc7 h4 20. f4 Qf6 21. Ne2 a6 22. Ba4 b5 23. Bc2 a5 24. Bd3 Ba6 25. Qd2 b4 26. Bxa6 Rxa6 27. Rfc1 Raa8 28. Qd3 Nf5 29. R1c6 Rf7 30. Rxf7 Qxf7 31. g4 hxg3 32. hxg3 Qd7 33. Qc2 Ra7 34. Qc5 Kf7 35. Kf2 Ne7 36. Rd6 Qc7 37. Ng1 Qxc5 38. dxc5 Rc7 39. Nf3 Rxc5 40. Ng5+ Ke8 41. Rxe6 Rc2+ 42. Re2 Rxe2+ 43. Kxe2 Kd7 44. g4 Kd6 45. Kd3 Nc6 46. Nf3 Kc5 47. Nh4 Ne7 48. f5 gxf5 49. Nxf5 Ng6 50. g5 a4 51. Ke3 Kc4 52. Nd4 Kc5 53. Ne6+ Kc4 54. Nd4 Kc5 55. b3 axb3 56. axb3 Kd6 57. Nc2 Kc5 58. Ne1 Kd6 59. Nd3 Ke6 60. Nf4+ Kf5 61. Nxg6 Kxg6 62. Kf4 d4 63. Ke4 Kxg5 64. Kxd4 Kf5 65. Kc4 Ke5 66. Kxb4 Kd6 67. Kb5 Kc7 68. Ka6 Kb8 69. Kb6 Ka8 70. b4 Kb8 71. b5 1-0

[Event "Oberpfalz-ch M1"]
[Site "Kareth Lappersdorf"]
[Date "2008.03.17"]
[Round "5"]
[White "Aigner, Georg"]
[Black "Baumer, Andreas"]
[Result "1/2-1/2"]
[WhiteElo "2028"]
[BlackElo "1785"]
[PlyCount "140"]
[EventDate "2008.03.15"]
[EventType "swiss"]
[EventRounds "8"]
[EventCountry "GER"]
[SourceTitle "EXT 2022"]
[Source "ChessBase"]
[SourceDate "2021.10.06"]
[SourceVersion "1"]
[SourceVersionDate "2021.10.06"]
[SourceQuality "1"]

1. e4 e6 2. d4 d5 3. Nd2 Nf6 4. e5 Nfd7 5. Bd3 c5 6. c3 Nc6 7. Ne2 cxd4 8. cxd4 f6 9. exf6 Nxf6 10. 0-0 Bd6 11. Nf3 0-0 12. Re1 Qc7 13. Ng3 e5 14. dxe5 Nxe5 15. Nxe5 Bxe5 16. Be2 Bd7 17. Bf3 Bc6 18. Qb3 Kh8 19. Bd2 Rae8 20. Rac1 Bf4 21. Qb4 Bd6 22. Qh4 Bxg3 23. hxg3 Qb6 24. Qb4 Qxb4 25. Bxb4 Rxe1+ 26. Rxe1 Re8 27. Rxe8+ Nxe8 28. Kf1 Kg8 29. Ke2 Kf7 30. Kd3 Nf6 31. Bc5 a6 32. Bd1 Ke6 33. Bd4 Ne4 34. f3 Nxg3 35. Bxg7 Nf5 36. Bd4 Be8 37. g4 Nd6 38. Ke3 Bg6 39. b3 h5 40. f4 hxg4 41. Bxg4+ Nf5+ 42. Kd3 Kd6 43. Kc3 Kc6 44. a3 Nd6 45. Be3 Nb5+ 46. Kb2 Nd6 47. Bd4 Be4 48. Be5 Nf5 49. Kc3 a5 50. Be2 b6 51. b4 axb4+ 52. Kxb4 d4 53. Bb5+ Kd5 54. Ba6 Kc6 55. a4 Bc2 56. Bb5+ Kd5 57. Bc7 Ke4 58. Bxb6 Bxa4 59. Bxa4 Kxf4 60. Bc2 Ne3 61. Bb3 Ke4 62. Bd8 Kd3 63. Bf6 Nc2+ 64. Kc5 Kd2 65. Kc4 d3 66. Bg5+ Ke2 67. Kc3 Ne3 68. Bf7 Nd1+ 69. Kd4 d2 70. Bh5+ Ke1 1/2-1/2

[Event "Oberpfalz-ch M1"]
[Site "Kareth Lappersdorf"]
[Date "2008.03.16"]
[Round "4"]
[White "Baumer, Andreas"]
[Black "Beyerlein, Andreas"]
[Result "1-0"]
[WhiteElo "1785"]
[BlackElo "2144"]
[PlyCount "37"]
[EventDate "2008.03.15"]
[EventType "swiss"]
[EventRounds "8"]
[EventCountry "GER"]
[SourceTitle "EXT 2022"]
[Source "ChessBase"]
[SourceDate "2021.10.06"]
[SourceVersion "1"]
[SourceVersionDate "2021.10.06"]
[SourceQuality "1"]

1. e4 c5 2. Nf3 d6 3. Bb5+ Bd7 4. Qe2 Nc6 5. Bxc6 Bxc6 6. c4 e6 7. Nc3 g6 8. d3 Bg7 9. h4 a6 10. a3 Ne7 11. h5 b5 12. Bg5 Qa5 13. Qd2 f6 14. h6 Bf8 15. Bxf6 Rg8 16. Ng5 b4 17. Ne2 Kd7 18. Nxh7 d5 19. Be5 1-0

[Event "Regionalliga NO 0708"]
[Site "Bayern"]
[Date "2008.02.17"]
[Round "6.6"]
[White "Schwirzer, Christoph"]
[Black "Baumer, Andreas"]
[Result "0-1"]
[WhiteElo "1805"]
[BlackElo "1785"]
[PlyCount "74"]
[EventDate "2007.10.21"]
[EventType "team-tourn"]
[EventRounds "9"]
[EventCountry "GER"]
[SourceTitle "EXT 2009"]
[Source "ChessBase"]
[SourceDate "2008.11.26"]
[SourceVersion "1"]
[SourceVersionDate "2008.11.26"]
[SourceQuality "1"]
[WhiteTeam "Gunzenhausen"]
[BlackTeam "Kareth Lappersdorf"]
[WhiteTeamCountry "GER"]
[BlackTeamCountry "GER"]

1. d4 Nf6 2. c4 g6 3. Nc3 d5 4. Bf4 Bg7 5. Nf3 0-0 6. e3 c5 7. Qb3 cxd4 8. exd4 dxc4 9. Bxc4 Nc6 10. Rd1 Na5 11. Qb4 Nxc4 12. Qxc4 Bg4 13. Rd3 Rc8 14. Qb5 Bxf3 15. Rxf3 Qxd4 16. Be3 Qd7 17. Qb3 a6 18. 0-0 b5 19. Rd1 Qc6 20. Bg5 Rfd8 21. Re1 Rd7 22. h3 Qc4 23. Qa3 b4 24. Qa4 Rdc7 25. Rf4 Qc5 26. Bxf6 bxc3 27. Bxc3 Bxc3 28. bxc3 Qxc3 29. Re3 Qa1+ 30. Kh2 Qf1 31. Ref3 e6 32. h4 Qb5 33. Qe4 Rc4 34. Qe3 Rxf4 35. Qxf4 Qb8 36. g3 Qxf4 37. Rxf4 Rc5 0-1

[Event "Regionalliga NO 0708"]
[Site "Bayern"]
[Date "2008.01.20"]
[Round "5.7"]
[White "Baumer, Andreas"]
[Black "Fischer, Ernst"]
[Result "1/2-1/2"]
[WhiteElo "1785"]
[BlackElo "1961"]
[PlyCount "79"]
[EventDate "2007.10.21"]
[EventType "team-tourn"]
[EventRounds "9"]
[EventCountry "GER"]
[SourceTitle "EXT 2009"]
[Source "ChessBase"]
[SourceDate "2008.11.26"]
[SourceVersion "1"]
[SourceVersionDate "2008.11.26"]
[SourceQuality "1"]
[WhiteTeam "Kareth Lappersdorf"]
[BlackTeam "Weiden"]
[WhiteTeamCountry "GER"]
[BlackTeamCountry "GER"]

1. e4 e6 2. Nf3 d5 3. e5 c5 4. b4 cxb4 5. d4 Nc6 6. Bd3 f5 7. 0-0 Nge7 8. a3 Ng6 9. axb4 Nxb4 10. Ba3 Nxd3 11. Qxd3 Bxa3 12. Nxa3 Bd7 13. Rfb1 b6 14. c4 0-0 15. cxd5 exd5 16. Qb3 Bc6 17. Rc1 Qd7 18. Nc2 Nf4 19. Qe3 Ne6 20. Nb4 Bb5 21. Nd2 Rfc8 22. f4 a5 23. Nd3 Bxd3 24. Qxd3 Rxc1+ 25. Rxc1 Nxf4 26. Qf3 Ng6 27. Rf1 Ne7 28. Qh5 g6 29. Qh4 Nc6 30. Nf3 Qe7 31. Qh6 Qg7 32. Qh4 h6 33. Rc1 Rc8 34. h3 g5 35. Qh5 Kh7 36. Nh4 Ne7 37. Rxc8 Nxc8 38. Nxf5 Qg6 39. Qf3 Qe6 40. g4 1/2-1/2

[Event "Regionalliga NO 0708"]
[Site "Bayern"]
[Date "2007.12.09"]
[Round "4.7"]
[White "Laubert, Johannes"]
[Black "Baumer, Andreas"]
[Result "1-0"]
[WhiteElo "1997"]
[BlackElo "1785"]
[PlyCount "81"]
[EventDate "2007.10.21"]
[EventType "team-tourn"]
[EventRounds "9"]
[EventCountry "GER"]
[SourceTitle "EXT 2009"]
[Source "ChessBase"]
[SourceDate "2008.11.26"]
[SourceVersion "1"]
[SourceVersionDate "2008.11.26"]
[SourceQuality "1"]
[WhiteTeam "Windischeschenbach"]
[BlackTeam "Kareth Lappersdorf"]
[WhiteTeamCountry "GER"]
[BlackTeamCountry "GER"]

1. e4 e6 2. d4 d5 3. Nd2 Nf6 4. e5 Nfd7 5. Bd3 c5 6. c3 Nc6 7. Ne2 cxd4 8. cxd4 f6 9. exf6 Nxf6 10. Nf3 Be7 11. 0-0 0-0 12. Re1 Nh5 13. Qc2 Nf6 14. a3 Bd7 15. Nf4 Bd6 16. Nxe6 Bxe6 17. Rxe6 Qc7 18. Bg5 Rf7 19. Rae1 Raf8 20. h3 a6 21. b4 Bf4 22. Bxf6 gxf6 23. Re8 Qd7 24. Rxf8+ Rxf8 25. Bf5 Qg7 26. Be6+ Kh8 27. Bxd5 Ne7 28. Bb3 Ng6 29. Qf5 Bb8 30. g3 Qc7 31. h4 Qg7 32. Bc2 Rg8 33. Kf1 Bd6 34. Re6 Be7 35. d5 Bd8 36. d6 Nf8 37. Re8 Bb6 38. Bb3 Qh6 39. Bxg8 Qc1+ 40. Kg2 Qb2 41. Nh2 1-0

[Event "Regionalliga NO 0708"]
[Site "Bayern"]
[Date "2007.11.25"]
[Round "3.7"]
[White "Baumer, Andreas"]
[Black "Hoffmann, Ayar"]
[Result "1-0"]
[WhiteElo "1785"]
[BlackElo "1847"]
[PlyCount "175"]
[EventDate "2007.10.21"]
[EventType "team-tourn"]
[EventRounds "9"]
[EventCountry "GER"]
[SourceTitle "EXT 2009"]
[Source "ChessBase"]
[SourceDate "2008.11.26"]
[SourceVersion "1"]
[SourceVersionDate "2008.11.26"]
[SourceQuality "1"]
[WhiteTeam "Kareth Lappersdorf"]
[BlackTeam "Postbauer"]
[WhiteTeamCountry "GER"]
[BlackTeamCountry "GER"]

1. e4 d6 2. d4 Nf6 3. Nc3 g6 4. h3 Bg7 5. Be3 a6 6. Qd2 b5 7. a3 Bb7 8. Bd3 Nbd7 9. Nf3 c5 10. d5 Qc7 11. Bh6 0-0 12. 0-0 Rfe8 13. Bxg7 Kxg7 14. Rfe1 e5 15. Nh4 Qd8 16. Qg5 Ng8 17. Nf5+ Kf8 18. Qxd8 Rexd8 19. Nxd6 Ra7 20. Nxb7 Rxb7 21. Bf1 c4 22. Na2 a5 23. b3 cxb3 24. cxb3 b4 25. a4 Rc8 26. Rac1 Rbc7 27. Rxc7 Rxc7 28. Rc1 Rxc1 29. Nxc1 Ke7 30. Bc4 Kd6 31. Nd3 Ne7 32. Kf1 Nc8 33. Ke2 Ndb6 34. Nb2 f6 35. Ke3 Nd7 36. Bb5 Ndb6 37. Bc4 Ne7 38. g3 g5 39. f3 h6 40. Be2 Ng6 41. Kd3 Kc5 42. Nd1 h5 43. Bf1 h4 44. gxh4 Nxh4 45. Ke3 Ng6 46. Nf2 Nf4 47. Ng4 Nh5 48. Bb5 Kd6 49. Nh6 Ng7 50. Bf1 Ke7 51. Kd3 Nh5 52. Nf5+ Kd7 53. Ke3 Nc8 54. h4 gxh4 55. Nxh4 Nd6 56. Ng6 Ke8 57. f4 exf4+ 58. Nxf4 Nxf4 59. Kxf4 Ke7 60. Ke3 Kd7 61. Kd4 Kc7 62. Ba6 Kb6 63. Bd3 Nf7 64. Be2 Ne5 65. Bh5 Nd7 66. Bg4 Nc5 67. Bd1 Nd7 68. Be2 Nc5 69. Bc4 Nd7 70. d6 Kc6 71. Bb5+ Kxd6 72. Bxd7 Kxd7 73. Kc5 Kc7 74. Kb5 Kd6 75. Kxa5 Kc5 76. Ka6 Kc6 77. Ka5 Kc5 78. Ka6 Kc6 79. a5 Kc5 80. Kb7 Kd4 81. a6 Kc3 82. a7 Kxb3 83. a8Q Kc3 84. Qa1+ Kc2 85. Qxf6 b3 86. Qf2+ Kc1 87. e5 b2 88. Qxb2+ 1-0

[Event "Nittenau-ch 7th"]
[Site "Nittenau"]
[Date "2007.??.??"]
[Round "5"]
[White "Zankl, Stephan"]
[Black "Baumer, Andreas"]
[Result "1/2-1/2"]
[WhiteElo "1553"]
[BlackElo "1822"]
[PlyCount "39"]
[EventDate "2007.??.??"]
[EventType "swiss"]
[EventRounds "5"]
[EventCountry "GER"]
[SourceTitle "EXT 2010"]
[Source "ChessBase"]
[SourceDate "2010.11.25"]
[SourceVersion "1"]
[SourceVersionDate "2010.11.25"]
[SourceQuality "1"]

1. d4 d5 2. Nf3 Nc6 3. Bf4 e6 4. c3 Bd6 5. Bxd6 cxd6 6. Nbd2 Nf6 7. Qc2 Bd7 8. e4 dxe4 9. Nxe4 Nxe4 10. Qxe4 Qf6 11. Bd3 d5 12. Qe2 0-0 13. 0-0 Rae8 14. Ne5 Nxe5 15. dxe5 Qh6 16. f4 f6 17. Rf3 g6 18. Raf1 Kg7 19. h4 fxe5 20. fxe5 1/2-1/2